| 000 | 00401nam a22001697a 4500 | ||
|---|---|---|---|
| 003 | OSt | ||
| 005 | 20220127131737.0 | ||
| 008 | 220127b |||||||| |||| 00| 0 eng d | ||
| 020 | _a9788120326385 | ||
| 040 | _cHU | ||
| 082 | _a621.3192 | ||
| 100 |
_aGhosh Smarajit _928577 |
||
| 245 | _aNetwork Theory Analysis And Synthesis | ||
| 260 |
_aDelhi _bDelhi |
||
| 300 | _f729 | ||
| 942 |
_2ddc _cBOOKS _n0 |
||
| 999 |
_c28149 _d28149 |
||